Reflexiones sobre la potencia motriz del fuego / (Record no. 17059)

000 -CABECERA
fixed length control field 00881nam a22002297a 4500
003 - IDENTIFICADOR DEL NÚMERO DE CONTROL
control field AR-CdUCM
008 - DATOS DE LONGITUD FIJA--INFORMACIÓN GENERAL
fixed length control field 190507b ||||| |||| 00| 0 spa d
020 ## - NÚMERO INTERNACIONAL ESTÁNDAR DEL LIBRO
ISBN 968-29-1705-0
040 ## - FUENTE DE LA CATALOGACIÓN
Agencia/entidad que catalogó originalmente la obra MUNICIPALIDAD PROVINCIAL DEL CUSCO
Entidad que transcribió la catalogación BIBLIOTECA MUNICIPAL DEL CUSCO
082 ## - NÚMERO DE LA CLASIFICACIÓN DECIMAL DEWEY
No. de Clasificación 536 /
Notacion interna C29
100 ## - ENTRADA PRINCIPAL--NOMBRE DE PERSONA
Nombre Personal Carnot, Sadi.
245 ## - MENCIÓN DE TÍTULO
Título Reflexiones sobre la potencia motriz del fuego /
260 ## - PUBLICACIÓN, DISTRIBUCIÓN, ETC.
Lugar de publicación, distribución, etc. México D.F. :
Nombre de la editorial, distribuidor, etc. Talleres gráficos Instituto Politécnico Nacional,
Fecha de publicación, distribución, etc. 1987.
300 ## - DESCRIPCIÓN FÍSICA
Nº de Páginas Extensión 165 paginas ;
Otros detalles físicos Cuadros,
Dimensiones 18 cm.
440 ## - MENCIÓN DE SERIE/PUNTO DE ACCESO ADICIONAL--TÍTULO
Título Serie Ciencia y Tecnica
9 (RLIN) 36880
505 ## - NOTA DE CONTENIDO CON FORMATO
Nota de contenido formateada Contenido : Los inicios de la termodinámica -- Reflexiones sobre la potencia motriz del fuego -- Esbozo biográfico de Sadi Carnot
650 ## - PUNTO DE ACCESO ADICIONAL DE MATERIA--TÉRMINO DE MATERIA
Descriptor Termodinámica
9 (RLIN) 19746
650 ## - PUNTO DE ACCESO ADICIONAL DE MATERIA--TÉRMINO DE MATERIA
Descriptor Transmisión
9 (RLIN) 30317
650 ## - PUNTO DE ACCESO ADICIONAL DE MATERIA--TÉRMINO DE MATERIA
Descriptor Máquinas de vapor
9 (RLIN) 19731
942 ## - ELEMENTOS DE PUNTO DE ACCESO ADICIONAL (KOHA)
Fuente de clasificación
Tipo de item Libros-BMC
945 ## - PROCESAMIENTO DE INFORMACIÓN LOCAL (OCLC)
Catalogador wnts
AAAA-MM-DD - Fecha de ingreso o modificacion 2019-05-7
Holdings
Estado de retiro (separado) Fuente de clasificación o esquema de estanterías Estado dañado Ubicación Sala donde se ubica Nombre de la colección Fecha de adquisición o compra Costo, precio normal en soles Signatura topográfica Código de Barras Última vez visto (Koha) Tipo de ítem (Koha)
No     Sala Ciencias Sala Ciencias Book Cart 2019-05-07 50.00 536 / C29 SC0000001436 2019-05-07 Libros-BMC

Powered by Koha